| 000 | 00698nam a22002177a 4500 | ||
|---|---|---|---|
| 005 | 20240425153930.0 | ||
| 008 | 130821s1942 ie gr eng | ||
| 040 |
_aCo-BoUCM _bspa _cNatalia Piñeros (Modificó) _dNatalia Piñeros (Modificó) |
||
| 041 | 0 | 0 | _aeng |
| 245 | 0 | 0 | _aBreviary of piety for clerics |
| 250 | _a6a. ed. | ||
| 260 |
_aDublín (Irlanda) _bBrowneand Nolan limited _c1942 |
||
| 300 | _a516 páginas | ||
| 650 | 0 | 4 |
_aBreviarios _910214 |
| 650 | 0 | 4 |
_aDevocionarios _913119 |
| 650 | 0 | 4 |
_aOficio divino _920713 |
| 650 | 0 | 4 |
_aOración _920789 |
| 650 | 0 | 4 |
_aSacerdotes _xDevoción _923877 |
| 942 |
_cLIBRO _a4 _e6 _mB739 _n0 _2DEWEY _h264.027 |
||
| 999 |
_c86925 _d86925 |
||